Geography Quiz

Random Geography or State Quiz

Is the Capital City the Largest City (U.S. States) Quiz Stats

Quiz not verified by Sporcle

Score 0/55 Timer 10:00
0 Plays Today
State Yes or No % Correct
California???
99.6%
Arizona???
99.3%
Florida???
98.6%
New York???
98.2%
Colorado???
97.9%
Illinois???
97.9%
Hawaii???
97.5%
Nevada???
97.5%
Georgia???
97.2%
Michigan???
97.2%
Pennsylvania???
96.5%
Texas???
96.5%
Louisiana???
96.1%
Washington???
95.7%
Massachusetts???
95.4%
New Jersey???
95.4%
Oregon???
95.4%
Missouri???
95%
Utah???
94.3%
Alaska???
93.6%
Arkansas???
93.6%
Indiana???
93.6%
Kansas???
93.6%
Maryland???
92.9%
Oklahoma???
92.9%
Idaho???
92.6%
Kentucky???
92.6%
Wisconsin???
92.6%
State Yes or No % Correct
Rhode Island???
91.8%
Puerto Rico???
90.8%
Virginia???
90.1%
Maine???
89.4%
Minnesota???
89%
North Carolina???
87.6%
New Mexico???
87.2%
Alabama???
86.9%
Iowa???
86.5%
Montana???
86.5%
Nebraska???
86.5%
Vermont???
86.2%
North Dakota???
85.5%
South Dakota???
85.5%
Delaware???
84.4%
New Hampshire???
84.4%
Mississippi???
83%
Northern Mariana Islands???
82.6%
Connecticut???
81.9%
U.S. Virgin Islands???
80.5%
Tennessee???
77%
Ohio???
76.6%
Wyoming???
75.5%
West Virginia???
71.6%
South Carolina???
63.5%
Guam???
20.6%
American Samoa???
17.7%

You're not logged in!

Compare scores with friends on all Sporcle quizzes.
Join for Free
OR
Log In

You Might Also Like...

Show Comments

Extras

Top Quizzes Today


Score Distribution

Your Account Isn't Verified!

In order to create a playlist on Sporcle, you need to verify the email address you used during registration. Go to your Sporcle Settings to finish the process.

Report this User

Report this user for behavior that violates our Community Guidelines.

Details: